000 01009nam a2200301 a 4500
001
003 DO-SdBNP
005 20210720120626.0
008 090818t2008 dr a 001 j spa d
020 _a9789945068757
040 _aBPMSU
_bspa
_cBPMSU
049 _a
082 _aRD863.44
_bM385cri 2008
_222
100 1 _aMartínez, Ana Teresa
245 1 0 _aCristalitos de vida :
_baprendiendo ciencias de la naturaleza a través del cuento /
_cAna Teresa Martínez Vd. Beltré ; prólogo Joel Rivera.
260 _aSanto Domingo, :
_bMediabyte,
_c2008.
300 _a221 p. :
_bil. ;
_c23 cm.
500 _aIncluye datos biográficos de la autora en las solapas.
590 _6Inventariado, 2021/VM
650 4 _aCiencias naturales
_xEnseñanza
_xCuentos
650 4 _aCuentos dominicanos
650 4 _aCuentos infantiles dominicanos
650 4 _aLiteratura infantil dominicana
650 4 _aLiteratura dominicana.
700 1 _aRivera, Joel,
_epról.
910 _aVMateo V.
942 _2ddc
_cBK
999 _c13585
_d13585